[Event "Plunge op"]
[Site "Plunge"]
[Date "2007.07.22"]
[Round "9"]
[White "Vasylius, Kestutis"]
[Black "Varniene, Rita"]
[Result "1-0"]
[WhiteElo "2014"]
[BlackElo "2118"]
[PlyCount "85"]
[EventDate "2007.07.16"]
[EventType "swiss"]
[EventRounds "9"]
[EventCountry "LTU"]
[SourceTitle "EXT 2010"]
[Source "ChessBase"]
[SourceDate "2010.11.25"]
[SourceVersion "1"]
[SourceVersionDate "2010.11.25"]
[SourceQuality "1"]

1. e4 e6 2. d4 d5 3. Nc3 Nc6 4. Nf3 Nf6 5. e5 Ne4 6. a3 Be7 7. Bd3 Nxc3 8. bxc3 f6 9. exf6 Bxf6 10. Bf4 0-0 11. Bg3 Ne7 12. 0-0 c5 13. Re1 c4 14. Bf1 Nf5 15. Be5 Qa5 16. Qd2 Be7 17. Ng5 h6 18. Nh3 Nd6 19. Re3 Nf5 20. Rf3 Bd7 21. Nf4 Nh4 22. Rg3 Bg5 23. Nh5 Nf5 24. Rxg5 hxg5 25. Rb1 b5 26. Qxg5 Qd8 27. Qg6 Qe8 28. Qg4 Qe7 29. g3 Rf7 30. Re1 Nd6 31. Nf4 Nf5 32. Bg2 Qxa3 33. Ng6 Qxc3 34. Re2 Qa1+ 35. Bf1 b4 36. Qh5 Nh6 37. Re3 Qa5 38. Bxg7 Kxg7 39. Ne5 Kh7 40. Qg6+ Kh8 41. Nxf7+ Nxf7 42. Qxf7 Qd8 43. Re5 1-0

[Event "Plunge op"]
[Site "Plunge"]
[Date "2007.07.19"]
[Round "6"]
[White "Varniene, Rita"]
[Black "Jocys, Dalius"]
[Result "0-1"]
[WhiteElo "2118"]
[BlackElo "2225"]
[PlyCount "120"]
[EventDate "2007.07.16"]
[EventType "swiss"]
[EventRounds "9"]
[EventCountry "LTU"]
[SourceTitle "EXT 2010"]
[Source "ChessBase"]
[SourceDate "2010.11.25"]
[SourceVersion "1"]
[SourceVersionDate "2010.11.25"]
[SourceQuality "1"]

1. d4 Nf6 2. c4 c5 3. d5 e6 4. Nc3 exd5 5. cxd5 d6 6. g3 g6 7. Bg2 Bg7 8. Nf3 0-0 9. 0-0 Re8 10. Re1 a6 11. a4 Nbd7 12. e4 Rb8 13. a5 b5 14. axb6 Rxb6 15. Bf1 Ne5 16. Nxe5 Rxe5 17. Ra4 Re8 18. f4 Rb4 19. Qc2 Ng4 20. h3 Bd4+ 21. Kg2 Nf6 22. Bd2 Qd7 23. Kf3 Bxc3 24. Bxc3 Qxa4 25. Qxa4 Rxa4 26. Bxf6 Bb7 27. b3 Ra3 28. Bc4 a5 29. Bb2 Ra2 30. Rb1 Bc8 31. g4 Bd7 32. Bc3 a4 33. bxa4 Rxa4 34. Bd3 Ra3 35. Rc1 Rb8 36. Ke3 Bb5 37. e5 Bxd3 38. Kxd3 Kf8 39. exd6 Ke8 40. Kc4 Ra4+ 41. Kxc5 Rc8+ 42. Kb5 Re4 43. Bd2 Rxc1 44. Bxc1 Kd7 45. Kc5 Re1 46. Bd2 Re2 47. Bc3 Re3 48. Be5 Rxh3 49. g5 h5 50. gxh6 Rxh6 51. Bf6 Rh5 52. Bg5 Rh3 53. Bf6 Rf3 54. Bg5 f6 55. Bxf6 Rxf4 56. Be7 Ra4 57. Kb5 Rg4 58. Kc5 g5 59. Bf6 Rg2 60. Kd4 g4 0-1

[Event "Plunge op"]
[Site "Plunge"]
[Date "2007.07.16"]
[Round "1"]
[White "Varniene, Rita"]
[Black "Slapikas, Vytautas"]
[Result "0-1"]
[WhiteElo "2118"]
[BlackElo "2334"]
[PlyCount "58"]
[EventDate "2007.07.16"]
[EventType "swiss"]
[EventRounds "9"]
[EventCountry "LTU"]
[SourceTitle "EXT 2010"]
[Source "ChessBase"]
[SourceDate "2010.11.25"]
[SourceVersion "1"]
[SourceVersionDate "2010.11.25"]
[SourceQuality "1"]

1. d4 Nf6 2. c4 d6 3. Nf3 Nc6 4. d5 Ne5 5. Nxe5 dxe5 6. Nc3 e6 7. e3 Bd6 8. Be2 0-0 9. 0-0 exd5 10. cxd5 e4 11. f3 Qe7 12. fxe4 Nxe4 13. Nxe4 Qxe4 14. Qd3 Qe5 15. g3 Bh3 16. Rf2 Rae8 17. Bf3 Bc5 18. Re2 Re7 19. Kh1 Bf1 20. e4 g5 21. Qc2 Bxe2 22. Qxe2 h6 23. Qc4 Qd4 24. Qxd4 Bxd4 25. Bd2 Rfe8 26. Bb4 Rxe4 27. Bxe4 Rxe4 28. Bc3 Bxc3 29. bxc3 Rc4 0-1

[Event "Olympiad Women-35"]
[Site "Bled"]
[Date "2002.11.04"]
[Round "9.2"]
[White "Varniene, Rita"]
[Black "Stockova, Zuzana"]
[Result "0-1"]
[WhiteElo "2160"]
[BlackElo "2333"]
[PlyCount "78"]
[EventDate "2002.10.26"]
[EventType "team-swiss"]
[EventRounds "14"]
[EventCountry "SLO"]
[SourceTitle "EXT 2003"]
[Source "ChessBase"]
[SourceDate "2002.11.25"]
[SourceVersion "1"]
[SourceVersionDate "2002.11.25"]
[SourceQuality "1"]
[WhiteTeam "Lithuania (W)"]
[BlackTeam "Slovakia (W)"]
[WhiteTeamCountry "LTU"]
[BlackTeamCountry "SVK"]

1. d4 Nf6 2. c4 e6 3. Nc3 Bb4 4. Qc2 0-0 5. Nf3 c5 6. dxc5 Na6 7. Bd2 Nxc5 8. e3 b6 9. Be2 Bb7 10. 0-0 Qe7 11. Rfd1 Rfd8 12. Nb5 Bxd2 13. Qxd2 Nce4 14. Qd4 d5 15. cxd5 Bxd5 16. Qa4 a6 17. Nbd4 Ng4 18. Rf1 b5 19. Qa5 e5 20. Nf5 Qf6 21. Ng3 Ngxf2 22. Rxf2 Nxf2 23. Kxf2 e4 24. Rd1 exf3 25. gxf3 Be6 26. b3 Rxd1 27. Bxd1 Qh4 28. Kg1 Qd8 29. Qe1 Qd3 30. Kf2 Rc8 31. Qe2 Qb1 32. Qd2 Qc1 33. Qd6 Qb2+ 34. Be2 Qxa2 35. b4 h6 36. f4 Bg4 37. f5 Bxe2 38. Nxe2 Qc2 39. Qd7 Qc7 0-1

[Event "Olympiad Women-35"]
[Site "Bled"]
[Date "2002.10.30"]
[Round "5.2"]
[White "Khaziyeva, Dinara"]
[Black "Varniene, Rita"]
[Result "1-0"]
[WhiteElo "2102"]
[BlackElo "2160"]
[PlyCount "53"]
[EventDate "2002.10.26"]
[EventType "team-swiss"]
[EventRounds "14"]
[EventCountry "SLO"]
[SourceTitle "EXT 2003"]
[Source "ChessBase"]
[SourceDate "2002.11.25"]
[SourceVersion "1"]
[SourceVersionDate "2002.11.25"]
[SourceQuality "1"]
[WhiteTeam "Canada (W)"]
[BlackTeam "Lithuania (W)"]
[WhiteTeamCountry "CAN"]
[BlackTeamCountry "LTU"]

1. e4 d6 2. d4 Nf6 3. Nc3 e5 4. dxe5 dxe5 5. Qxd8+ Kxd8 6. Bc4 Be6 7. Bxe6 fxe6 8. f3 a6 9. Be3 Bd6 10. Nh3 Nbd7 11. 0-0-0 b5 12. Nf2 Ke7 13. Nd3 h6 14. Rd2 Rhb8 15. Rhd1 Nb6 16. b3 Ba3+ 17. Kb1 Nc4 18. Re2 Nxe3 19. Rxe3 Nd7 20. Ne2 c5 21. f4 exf4 22. Nexf4 c4 23. Ne1 Ne5 24. Nf3 Rd8 25. Nd4 Bc5 26. Nfxe6 Rd6 27. Nxc5 1-0

[Event "Birstonas op"]
[Site "Birstonas"]
[Date "2002.08.22"]
[Round "6"]
[White "Tokmachev, Vladimir"]
[Black "Varniene, Rita"]
[Result "1/2-1/2"]
[WhiteElo "2044"]
[BlackElo "2219"]
[PlyCount "53"]
[EventDate "2002.08.17"]
[EventType "swiss"]
[EventRounds "9"]
[EventCountry "LTU"]
[SourceTitle "CBM 089 Extra"]
[Source "ChessBase"]
[SourceDate "2002.09.10"]
[SourceVersion "2"]
[SourceVersionDate "2002.09.10"]
[SourceQuality "1"]

1. e4 d6 2. d4 Nf6 3. Nc3 e5 4. Nf3 Nbd7 5. Bc4 Be7 6. Be3 0-0 7. h3 c6 8. a4 b6 9. 0-0 Qc7 10. Bd3 Re8 11. Qe2 a6 12. Rfd1 Bb7 13. Nh4 g6 14. g3 b5 15. axb5 axb5 16. d5 b4 17. dxc6 Bxc6 18. Na2 Qb7 19. f3 d5 20. exd5 Nxd5 21. Bd2 Bxh4 22. gxh4 Nf4 23. Bxf4 exf4 24. Be4 Bxe4 25. fxe4 Nf6 26. e5 Ra5 27. exf6 1/2-1/2

[Event "Olympiad Women-34"]
[Site "Istanbul"]
[Date "2000.11.10"]
[Round "13.2"]
[White "Varniene, Rita"]
[Black "Alexieva, Silvia"]
[Result "0-1"]
[WhiteElo "2190"]
[BlackElo "2351"]
[PlyCount "82"]
[EventDate "2000.10.28"]
[EventType "team-swiss"]
[EventRounds "14"]
[EventCountry "TUR"]
[SourceTitle "EXT 2001"]
[Source "ChessBase"]
[SourceDate "2000.11.22"]
[SourceVersion "1"]
[SourceVersionDate "2000.11.22"]
[SourceQuality "1"]
[WhiteTeam "Lithuania (W)"]
[BlackTeam "Bulgaria (W)"]
[WhiteTeamCountry "LTU"]
[BlackTeamCountry "BUL"]

1. d4 g6 2. Nf3 Bg7 3. e4 c5 4. d5 d6 5. Nc3 Nf6 6. Be2 0-0 7. 0-0 Na6 8. Bf4 Nc7 9. a4 b6 10. Nd2 a6 11. Nc4 Nd7 12. Bg4 Rb8 13. Re1 b5 14. Na5 Bb7 15. axb5 axb5 16. Qc1 Ne5 17. Bh3 b4 18. Nd1 e6 19. dxe6 fxe6 20. Bh6 Qh4 21. Bg5 Nf3+ 22. gxf3 Qxh3 23. Nxb7 Rxb7 24. f4 Nb5 25. Re3 Qh5 26. Kg2 Nd4 27. Rh3 Qg4+ 28. Rg3 Qe2 29. Qe3 Qxc2 30. e5 Nf5 31. Qf3 d5 32. Rh3 h6 33. Bh4 Rbf7 34. Qg4 Qe4+ 35. Kg1 Nd4 36. Bf6 Ne2+ 37. Kf1 Nxf4 38. Rg3 Qc4+ 39. Ke1 Bxf6 40. exf6 Rxf6 41. f3 Qe2# 0-1

[Event "Olympiad Women-34"]
[Site "Istanbul"]
[Date "2000.11.07"]
[Round "10.1"]
[White "Socko, Monika"]
[Black "Varniene, Rita"]
[Result "0-1"]
[WhiteElo "2403"]
[BlackElo "2190"]
[PlyCount "64"]
[EventDate "2000.10.28"]
[EventType "team-swiss"]
[EventRounds "14"]
[EventCountry "TUR"]
[SourceTitle "EXT 2001"]
[Source "ChessBase"]
[SourceDate "2000.11.22"]
[SourceVersion "1"]
[SourceVersionDate "2000.11.22"]
[SourceQuality "1"]
[WhiteTeam "Poland (W)"]
[BlackTeam "Lithuania (W)"]
[WhiteTeamCountry "POL"]
[BlackTeamCountry "LTU"]

1. d4 d5 2. Nf3 e6 3. c4 dxc4 4. e3 c5 5. Bxc4 a6 6. 0-0 Nf6 7. a4 Nc6 8. b3 cxd4 9. exd4 Be7 10. Bb2 0-0 11. Nbd2 b6 12. Qe2 Bb7 13. Rfe1 Bb4 14. Red1 Ne7 15. Ne5 Ned5 16. Ndf3 Nf4 17. Qf1 Ne4 18. Nd3 Nxd3 19. Qxd3 Nf6 20. d5 exd5 21. Ng5 dxc4 22. Qg3 Qe7 23. bxc4 Rfd8 24. Rdb1 a5 25. Nh3 Bd6 26. Qb3 Qe4 27. f3 Bc5+ 28. Kh1 Qd3 29. Qa2 Ba6 30. Rc1 Be3 31. Rc3 Qe2 32. Ng1 Bxg1 0-1

[Event "Olympiad Women-34"]
[Site "Istanbul"]
[Date "2000.11.06"]
[Round "9.2"]
[White "Varniene, Rita"]
[Black "Sziva, Erika"]
[Result "0-1"]
[WhiteElo "2190"]
[BlackElo "2311"]
[PlyCount "60"]
[EventDate "2000.10.28"]
[EventType "team-swiss"]
[EventRounds "14"]
[EventCountry "TUR"]
[SourceTitle "EXT 2001"]
[Source "ChessBase"]
[SourceDate "2000.11.22"]
[SourceVersion "1"]
[SourceVersionDate "2000.11.22"]
[SourceQuality "1"]
[WhiteTeam "Lithuania (W)"]
[BlackTeam "Netherlands (W)"]
[WhiteTeamCountry "LTU"]
[BlackTeamCountry "NED"]

1. d4 Nf6 2. c4 g6 3. Nc3 Bg7 4. e4 d6 5. Be2 0-0 6. Nf3 e5 7. 0-0 Nc6 8. d5 Ne7 9. Ne1 Nd7 10. Nd3 f5 11. Bd2 Kh8 12. Rc1 Nf6 13. f3 f4 14. g4 h5 15. g5 Nh7 16. h4 c6 17. b4 b5 18. Nf2 bxc4 19. Bxc4 Bb7 20. dxc6 Nxc6 21. Bd5 Rb8 22. b5 Nd4 23. Bxb7 Rxb7 24. Kh1 Nxb5 25. Qb3 Nxg5 26. Nxb5 Nf7 27. Qd3 Qxh4+ 28. Kg2 Qg3+ 29. Kh1 Rxb5 30. Qxb5 Qxf3+ 0-1

[Event "Olympiad Women-34"]
[Site "Istanbul"]
[Date "2000.10.30"]
[Round "3.2"]
[White "Zatonskih, Anna"]
[Black "Varniene, Rita"]
[Result "1-0"]
[WhiteElo "2446"]
[BlackElo "2190"]
[PlyCount "73"]
[EventDate "2000.10.28"]
[EventType "team-swiss"]
[EventRounds "14"]
[EventCountry "TUR"]
[SourceTitle "EXT 2001"]
[Source "ChessBase"]
[SourceDate "2000.11.22"]
[SourceVersion "1"]
[SourceVersionDate "2000.11.22"]
[SourceQuality "1"]
[WhiteTeam "Ukraine (W)"]
[BlackTeam "Lithuania (W)"]
[WhiteTeamCountry "UKR"]
[BlackTeamCountry "LTU"]

1. e4 e6 2. d4 d5 3. Nd2 b6 4. c3 Bb7 5. e5 c5 6. Bb5+ Nc6 7. Ne2 Qd7 8. 0-0 0-0-0 9. Nf3 Kb8 10. dxc5 Bxc5 11. b4 Be7 12. a4 a6 13. Bd3 Qc7 14. b5 axb5 15. axb5 Na5 16. Be3 Bc5 17. Ned4 h6 18. Nc6+ Nxc6 19. bxc6 Qxc6 20. Nd4 Bxd4 21. Bxd4 Ne7 22. Qb3 Nc8 23. Rfb1 Rhf8 24. Ra4 f6 25. Rb4 Rf7 26. Bxb6 Nxb6 27. Rxb6 Qc8 28. Ba6 Rdd7 29. exf6 gxf6 30. Rxe6 d4 31. cxd4 Rc7 32. Rb6 Rc1+ 33. Bf1 Rxb1 34. Qxb1 Rc7 35. h3 Rc1 36. Rxb7+ Ka8 37. Rb8+ 1-0

[Event "Olympiad Women-34"]
[Site "Istanbul"]
[Date "2000.10.29"]
[Round "2.2"]
[White "Varniene, Rita"]
[Black "Lakos, Nikoletta"]
[Result "1/2-1/2"]
[WhiteElo "2190"]
[BlackElo "2327"]
[PlyCount "68"]
[EventDate "2000.10.28"]
[EventType "team-swiss"]
[EventRounds "14"]
[EventCountry "TUR"]
[SourceTitle "EXT 2001"]
[Source "ChessBase"]
[SourceDate "2000.11.22"]
[SourceVersion "1"]
[SourceVersionDate "2000.11.22"]
[SourceQuality "1"]
[WhiteTeam "Lithuania (W)"]
[BlackTeam "Hungary (W)"]
[WhiteTeamCountry "LTU"]
[BlackTeamCountry "HUN"]

1. d4 Nf6 2. c4 e6 3. Nc3 Bb4 4. Qc2 0-0 5. a3 Bxc3+ 6. Qxc3 b6 7. Nf3 Bb7 8. e3 d6 9. Be2 Nbd7 10. 0-0 Ne4 11. Qc2 f5 12. b4 Rf6 13. Bb2 Rh6 14. Rad1 Ng5 15. d5 Nxf3+ 16. Bxf3 Qh4 17. h3 Ne5 18. Be2 Rg6 19. Kh1 Qg5 20. g3 c6 21. h4 Rh6 22. Bxe5 dxe5 23. Kh2 cxd5 24. f4 exf4 25. exf4 Qe7 26. cxd5 Bxd5 27. Bf3 Qd7 28. Rfe1 Rc8 29. Qd3 Rd8 30. Re5 Qb7 31. Bxd5 exd5 32. Rxd5 Rxd5 33. Qxd5+ Qxd5 34. Rxd5 Rf6 1/2-1/2

[Event "EU-Cup (Women) 05th"]
[Site "Halle"]
[Date "2000.09.30"]
[Round "7.2"]
[White "Varniene, Rita"]
[Black "Gaponenko, Inna"]
[Result "1/2-1/2"]
[WhiteElo "2190"]
[BlackElo "2375"]
[PlyCount "153"]
[EventDate "2000.09.24"]
[EventType "team-swiss"]
[EventRounds "7"]
[EventCountry "GER"]
[SourceTitle "EXT 2013"]
[Source "ChessBase"]
[SourceDate "2012.11.22"]
[SourceVersion "1"]
[SourceVersionDate "2012.11.22"]
[SourceQuality "1"]
[WhiteTeam "Vilkaviskis Sirvinta (W)"]
[BlackTeam "Donetsk Danko Donbass (W)"]
[WhiteTeamCountry "LTU"]
[BlackTeamCountry "UKR"]

1. d4 Nf6 2. c4 g6 3. Nc3 Bg7 4. e4 d6 5. Be2 0-0 6. Nf3 e5 7. 0-0 Nc6 8. d5 Ne7 9. Ne1 Nd7 10. f4 f5 11. Nd3 fxe4 12. Nxe4 Nf5 13. fxe5 Nxe5 14. Bg5 Qe8 15. Ndf2 h6 16. Bd2 Qe7 17. Qc1 b6 18. Bc3 Ba6 19. b3 Rae8 20. Re1 Bc8 21. Bf1 Qh4 22. Qb2 Rf7 23. Rad1 Ref8 24. Qd2 Bd7 25. Nh3 Qg4 26. Kh1 Nh4 27. Nef2 Qh5 28. Be2 Nhf3 29. Bxe5 Bxh3 30. Nxh3 Nxd2 31. Bxh5 Bxe5 32. Bg4 Rf1+ 33. Rxf1 Rxf1+ 34. Rxf1 Nxf1 35. Kg1 Ne3 36. Be2 Bd4 37. Kh1 g5 38. g3 Kg7 39. Ng1 Kf6 40. Nf3 Bc5 41. h3 a5 42. Kh2 Nc2 43. Bd3 Ne3 44. Be2 b5 45. cxb5 Nxd5 46. Bd3 Ba3 47. Nd2 Nc3 48. Nb1 Nxb1 49. Bxb1 Ke5 50. Kg2 Kd4 51. Kf3 d5 52. Bf5 Kc3 53. Ke2 Bd6 54. g4 Kb2 55. Be6 Kxa2 56. Bxd5 Ka3 57. Kd3 Kb4 58. Kd4 Kxb5 59. Kd3 Kb4 60. Bf7 c5 61. Be6 Bg3 62. Bf7 Bf2 63. Be6 a4 64. bxa4 Kxa4 65. Kc4 Ka3 66. Bf7 Kb2 67. Bh5 Kc2 68. Bg6+ Kd2 69. Bh5 Ke2 70. Bf7 Kf3 71. Bh5 Kg3 72. Kd3 Bd4 73. Kc4 Kxh3 74. Kd3 Kg3 75. Kc4 Kf4 76. Kd3 Bg1 77. Kc4 1/2-1/2

[Event "EU-Cup (Women) 05th"]
[Site "Halle"]
[Date "2000.09.24"]
[Round "1.2"]
[White "Varniene, Rita"]
[Black "Atalik, Ekaterina"]
[Result "0-1"]
[WhiteElo "2190"]
[BlackElo "2386"]
[PlyCount "74"]
[EventDate "2000.09.24"]
[EventType "team-swiss"]
[EventRounds "7"]
[EventCountry "GER"]
[SourceTitle "EXT 2013"]
[Source "ChessBase"]
[SourceDate "2012.11.22"]
[SourceVersion "1"]
[SourceVersionDate "2012.11.22"]
[SourceQuality "1"]
[WhiteTeam "Vilkaviskis Sirvinta (W)"]
[BlackTeam "St Petersburg (W)"]
[WhiteTeamCountry "LTU"]
[BlackTeamCountry "RUS"]

1. d4 Nf6 2. c4 c5 3. d5 b5 4. cxb5 a6 5. bxa6 d6 6. Nc3 Bxa6 7. g3 g6 8. Nf3 Bg7 9. Bh3 0-0 10. 0-0 Nbd7 11. Re1 Qc7 12. Bf4 Rfb8 13. Qd2 Qa5 14. Bh6 Nb6 15. Bxg7 Kxg7 16. b3 Nbxd5 17. Nxd5 Qxd2 18. Nxd2 Nxd5 19. a3 Nc3 20. e3 Bb7 21. Bg2 Bxg2 22. Kxg2 Nb5 23. a4 Na7 24. Rac1 Nc6 25. Rc3 Rb4 26. Rc4 Rb7 27. e4 Rab8 28. Re3 f6 29. Rcc3 Nd4 30. f4 e5 31. Nc4 Rd7 32. Kf2 Kf7 33. fxe5 fxe5 34. Ke1 Ke6 35. Nd2 Rf7 36. Nf3 h6 37. Kf2 Rb4 0-1

[Event "LTU-ch (Women)"]
[Site "Vilnius"]
[Date "2000.??.??"]
[Round "?"]
[White "Varniene, Rita"]
[Black "Sulikiene, Kristina"]
[Result "1-0"]
[WhiteElo "2183"]
[BlackElo "2019"]
[PlyCount "101"]
[EventDate "2000.??.??"]
[EventType "swiss"]
[EventRounds "9"]
[EventCountry "LTU"]
[SourceTitle "EXT 2005"]
[Source "ChessBase"]
[SourceDate "2004.11.15"]
[SourceVersion "1"]
[SourceVersionDate "2004.11.15"]
[SourceQuality "1"]

1. d4 Nf6 2. c4 e6 3. Nc3 Bb4 4. Qc2 d5 5. cxd5 exd5 6. Bg5 h6 7. Bxf6 Qxf6 8. a3 Bxc3+ 9. Qxc3 c6 10. e3 0-0 11. Nf3 Bf5 12. Be2 Nd7 13. b4 Rfc8 14. 0-0 c5 15. bxc5 Rxc5 16. Qb3 Rc2 17. Bd1 Rc7 18. Qxd5 Nb6 19. Qe5 Qxe5 20. Nxe5 f6 21. Nf3 Rc3 22. Nd2 Rac8 23. Bf3 R8c7 24. Ne4 Bxe4 25. Bxe4 Nc4 26. a4 Kf8 27. Rfc1 Nd6 28. Rxc3 Rxc3 29. Bd5 Ke7 30. Kf1 Rc2 31. Ra2 Rc1+ 32. Ke2 Kd7 33. e4 b6 34. Kd3 Nc8 35. Rc2 Rd1+ 36. Ke3 Ne7 37. Bc4 Kd6 38. f4 Re1+ 39. Be2 Ra1 40. Bb5 Ra3+ 41. Kd2 f5 42. e5+ Kd5 43. Rc7 Ng6 44. Rd7+ Ke4 45. Bc6+ Kxf4 46. g3+ Kg5 47. Rxg7 Ra2+ 48. Ke3 Ra3+ 49. Kf2 Ra2+ 50. Kf3 Ra3+ 51. Kg2 1-0

[Event "EU-chT (Women) 3rd"]
[Site "Batumi"]
[Date "1999.12.05"]
[Round "7.2"]
[White "Varniene, Rita"]
[Black "Krivec, Jana"]
[Result "1/2-1/2"]
[WhiteElo "2166"]
[BlackElo "2177"]
[PlyCount "35"]
[EventDate "1999.11.06"]
[EventType "team-swiss"]
[EventRounds "9"]
[EventCountry "GEO"]
[SourceTitle "CBM 073 Extra"]
[Source "ChessBase"]
[SourceDate "2000.01.11"]
[SourceVersion "1"]
[SourceVersionDate "2000.01.11"]
[SourceQuality "1"]
[WhiteTeam "Lithuania (W)"]
[BlackTeam "Slovenia (W)"]
[WhiteTeamCountry "LTU"]
[BlackTeamCountry "SLO"]

1. d4 d5 2. c4 dxc4 3. Nf3 Nf6 4. Nc3 a6 5. a4 e6 6. e3 c5 7. Bxc4 Nc6 8. 0-0 Be7 9. Qe2 cxd4 10. Rd1 e5 11. exd4 exd4 12. Nxd4 Nxd4 13. Qe3 0-0 14. Rxd4 Qc7 15. Qf4 Qxf4 16. Bxf4 Bc5 17. Rd2 Bf5 18. Nd5 1/2-1/2

[Event "EU-chT (Women) 3rd"]
[Site "Batumi"]
[Date "1999.12.03"]
[Round "5.2"]
[White "Paehtz, Elisabeth"]
[Black "Varniene, Rita"]
[Result "1-0"]
[WhiteElo "2276"]
[BlackElo "2166"]
[PlyCount "87"]
[EventDate "1999.11.06"]
[EventType "team-swiss"]
[EventRounds "9"]
[EventCountry "GEO"]
[SourceTitle "CBM 073 Extra"]
[Source "ChessBase"]
[SourceDate "2000.01.11"]
[SourceVersion "1"]
[SourceVersionDate "2000.01.11"]
[SourceQuality "1"]
[WhiteTeam "Germany (W)"]
[BlackTeam "Lithuania (W)"]
[WhiteTeamCountry "GER"]
[BlackTeamCountry "LTU"]

1. e4 e6 2. d4 d5 3. Nc3 dxe4 4. Nxe4 Bd7 5. Nf3 Bc6 6. Bd3 Nd7 7. Qe2 Bxe4 8. Bxe4 c6 9. Bd2 Ngf6 10. Bd3 Bd6 11. Ne5 Qb6 12. c3 Bxe5 13. dxe5 Nd5 14. 0-0 Nc5 15. c4 Nb4 16. Bb1 0-0-0 17. Be3 Qa5 18. Qe1 b6 19. Bd2 Rxd2 20. Qxd2 Rd8 21. Qc3 Qa4 22. Qf3 Rd7 23. b3 Qa3 24. Be4 Qb2 25. Rad1 Qxe5 26. Rxd7 Nxd7 27. Bxc6 Nc5 28. Be8 f5 29. a3 Nc2 30. b4 Ne4 31. Qd3 Nd4 32. Bh5 g6 33. Rd1 gxh5 34. Qxd4 Qxd4 35. Rxd4 Kc7 36. f3 Nf6 37. Kf2 e5 38. Rd1 h4 39. h3 h6 40. c5 bxc5 41. bxc5 Nd7 42. Rd5 f4 43. Ke2 a5 44. Kd3 1-0

[Event "EU-chT (Women) 3rd"]
[Site "Batumi"]
[Date "1999.11.29"]
[Round "1.2"]
[White "Varniene, Rita"]
[Black "Gurieli, Nino"]
[Result "0-1"]
[WhiteElo "2166"]
[BlackElo "2351"]
[PlyCount "76"]
[EventDate "1999.11.06"]
[EventType "team-swiss"]
[EventRounds "9"]
[EventCountry "GEO"]
[SourceTitle "CBM 073 Extra"]
[Source "ChessBase"]
[SourceDate "2000.01.11"]
[SourceVersion "1"]
[SourceVersionDate "2000.01.11"]
[SourceQuality "1"]
[WhiteTeam "Lithuania (W)"]
[BlackTeam "Georgia (W) II"]
[WhiteTeamCountry "LTU"]
[BlackTeamCountry "GEO"]

1. d4 Nf6 2. c4 g6 3. Nc3 d5 4. cxd5 Nxd5 5. e4 Nxc3 6. bxc3 Bg7 7. Bc4 c5 8. Ne2 cxd4 9. cxd4 Nc6 10. Be3 Qa5+ 11. Bd2 Qd8 12. Be3 0-0 13. 0-0 Na5 14. Bd3 Be6 15. Qa4 a6 16. Rac1 b5 17. Qc2 Rc8 18. Qd2 Nc4 19. Bxc4 Bxc4 20. Rfd1 e6 21. e5 Qe7 22. Ng3 Bd5 23. f3 Qa3 24. Ne4 Qxa2 25. Qxa2 Bxa2 26. Ra1 Bb3 27. Rd2 Ra8 28. Nc5 Bc4 29. Rxa6 Rxa6 30. Nxa6 Ra8 31. Nb4 Ra1+ 32. Kf2 Rb1 33. Nd3 Bf8 34. Nc5 Be7 35. Kg3 h5 36. Kh3 Kg7 37. g4 Re1 38. Bf2 Bf1+ 0-1

[Event "EU-Cup (Women) 04th"]
[Site "Nova Gorica"]
[Date "1999.07.04"]
[Round "6.1"]
[White "Zatonskih, Anna"]
[Black "Varniene, Rita"]
[Result "1-0"]
[WhiteElo "2326"]
[BlackElo "2150"]
[PlyCount "99"]
[EventDate "1999.06.28"]
[EventType "team-swiss"]
[EventRounds "7"]
[EventCountry "SLO"]
[SourceTitle "EXT 2013"]
[Source "ChessBase"]
[SourceDate "2012.11.22"]
[SourceVersion "1"]
[SourceVersionDate "2012.11.22"]
[SourceQuality "1"]
[WhiteTeam "Kiev Mriya Grandmaster School (W)"]
[BlackTeam "Vilkaviskis Sirvinta (W)"]
[WhiteTeamCountry "UKR"]
[BlackTeamCountry "LTU"]

1. e4 e6 2. d4 d5 3. Nd2 c5 4. exd5 Qxd5 5. Ngf3 cxd4 6. Bc4 Qd6 7. 0-0 Nf6 8. Nb3 Nc6 9. Nbxd4 Nxd4 10. Nxd4 Be7 11. c3 0-0 12. Qe2 Bd7 13. Re1 Qc7 14. Bb3 Bd6 15. Nf3 Bc6 16. h3 Bf4 17. Ne5 Bxc1 18. Raxc1 Bd5 19. Bc2 Rad8 20. c4 Bc6 21. b4 Rd4 22. Red1 Rfd8 23. Rxd4 Rxd4 24. Nxc6 Qxc6 25. Rd1 Rxd1+ 26. Qxd1 Qb6 27. c5 Qc7 28. Bb3 Kf8 29. Qd4 Ke7 30. f3 a6 31. Kf2 Nh5 32. Qh4+ Nf6 33. Qd4 Nh5 34. a3 Qg3+ 35. Kf1 Nf4 36. Qd6+ Kf6 37. Qd2 Qg5 38. Qd8+ Kg6 39. Bc2+ f5 40. Qxg5+ Kxg5 41. Ba4 Nd5 42. Bd7 b5 43. Bxe6 Nc7 44. Bc8 Kf4 45. Kf2 g5 46. g3+ Ke5 47. Ke3 Nd5+ 48. Kd3 Nc7 49. Bb7 Nd5 50. Bxd5 1-0